000 00560nam a2200181Ia 4500
008 090124s9999 xx 000 0 und d
082 _b206781
100 _aशांता सुंदरी आर.
245 _a स्वेच्छा
250 _a1
260 _bशांता सुंदरी आर.
_c2005
300 _a138
600 _aशांता सुंदरी आर.
630 _a स्वेच्छा
700 _aशांता सुंदरी आर.
730 _a स्वेच्छा
942 _cBOOK
999 _c188777
_d188777